000
00250nam a2200097Ia 4500
008
190216s9999||||xx |||||||||||||| ||und||
100
_a
Prasad N K
245
0
_a
Pre Degree Sasya Shashthra Prayoga Sahayi
260
_b
Kerala Bhasha Institute
942
_c
BK
999
_c
1246
_d
1246